Age of rights / (Record no. 1556)

MARC details
000 -LEADER
fixed length control field 01224nam a2200349La 4500
001 - CONTROL NUMBER
control field ocn238105977
003 - CONTROL NUMBER IDENTIFIER
control field TZ-ArACH
005 - DATE AND TIME OF LATEST TRANSACTION
control field 2012022209339.0
008 - FIXED-LENGTH DATA ELEMENTS--GENERAL INFORMATION
fixed length control field 960807s1996 nyu b 001 0 eng d
020 ## - INTERNATIONAL STANDARD BOOK NUMBER
International Standard Book Number 0231064454
020 ## - INTERNATIONAL STANDARD BOOK NUMBER
International Standard Book Number 9780231064453
035 ## - SYSTEM CONTROL NUMBER
System control number (OCoLC)238105977
035 ## - SYSTEM CONTROL NUMBER
System control number (MH)008927124-007021499
040 ## - CATALOGING SOURCE
Original cataloging agency MH-L
Transcribing agency TZ-ArACH
041 ## - LANGUAGE CODE
Language code of text/sound track or separate title Eng
043 ## - GEOGRAPHIC AREA CODE
Geographic area code n-us---
049 ## - LOCAL HOLDINGS (OCLC)
Holding library TZAA
050 #4 - LIBRARY OF CONGRESS CALL NUMBER
Classification number K3240.4
Item number .H46
100 1# - MAIN ENTRY--PERSONAL NAME
Personal name Henkin, Louis.
9 (RLIN) 4337
245 14 - TITLE STATEMENT
Title Age of rights /
Statement of responsibility, etc Louis Henkin.
260 ## - PUBLICATION, DISTRIBUTION, ETC. (IMPRINT)
Place of publication, distribution, etc New York :
Name of publisher, distributor, etc Columbia University Press,
Date of publication, distribution, etc 1996
300 ## - PHYSICAL DESCRIPTION
Extent xix, 220 p. ;
Dimensions 23 cm.
500 ## - GENERAL NOTE
General note "New in paperback, with a new preface"--P. [4] of cover.
504 ## - BIBLIOGRAPHY, ETC. NOTE
Bibliography, etc Includes bibliographical references (p. [195]-213) and index.
650 #0 - SUBJECT ADDED ENTRY--TOPICAL TERM
Topical term or geographic name as entry element Civil rights
Geographic subdivision United States
General subdivision History.
9 (RLIN) 4338
650 #0 - SUBJECT ADDED ENTRY--TOPICAL TERM
Topical term or geographic name as entry element Human rights
General subdivision History.
9 (RLIN) 4339
650 #0 - SUBJECT ADDED ENTRY--TOPICAL TERM
Topical term or geographic name as entry element Human rights
Geographic subdivision United States
General subdivision History.
9 (RLIN) 4340
651 #0 - SUBJECT ADDED ENTRY--GEOGRAPHIC NAME
Geographic name United States
General subdivision Foreign relations
Chronological subdivision 1945-1989.
9 (RLIN) 4341
942 ## - ADDED ENTRY ELEMENTS (KOHA)
Source of classification or shelving scheme Library of Congress Classification
Koha item type Books
Holdings
Home library Current library Shelving location Date acquired Full call number Barcode Koha item type
African Court on Human and Peoples' Rights Library African Court on Human and Peoples' Rights Library   22/02/2012 KF4749 .H46 10017194 Books

African Court on Human and Peoples' Rights | For Inquiries Contact » +255 272 510 510